<?xml version="1.0" encoding="UTF-8"?>
<collection xmlns:xsi="http://www.w3.org/2001/XMLSchema-instance" xsi:schemaLocation="http://www.loc.gov/MARC21/slim http://www.loc.gov/standards/marcxml/schema/MARC21slim.xsd" xmlns="http://www.loc.gov/MARC21/slim">
 <record>
  <leader>00000cmm a22000004a 4500</leader>
  <controlfield tag="001">UP-99796217610771182</controlfield>
  <controlfield tag="003">Buklod</controlfield>
  <controlfield tag="005">20130605111005.0</controlfield>
  <controlfield tag="006">m     o  j        </controlfield>
  <controlfield tag="007">ta</controlfield>
  <controlfield tag="008">110413s2011    cau        u        eng d</controlfield>
  <datafield tag="020" ind1=" " ind2=" ">
   <subfield code="a">978-0-313-35204-1 (ebook)</subfield>
  </datafield>
  <datafield tag="035" ind1=" " ind2=" ">
   <subfield code="a">(iLib)UPD-00198109415</subfield>
  </datafield>
  <datafield tag="040" ind1=" " ind2=" ">
   <subfield code="a">DLC</subfield>
   <subfield code="d">DML</subfield>
  </datafield>
  <datafield tag="041" ind1="0" ind2=" ">
   <subfield code="a">eng</subfield>
  </datafield>
  <datafield tag="042" ind1=" " ind2=" ">
   <subfield code="a">DMLUC</subfield>
  </datafield>
  <datafield tag="084" ind1=" " ind2=" ">
   <subfield code="a">PS153.</subfield>
   <subfield code="b">N5 I33 2011eb</subfield>
  </datafield>
  <datafield tag="245" ind1="0" ind2="0">
   <subfield code="a">Icons of African American literature</subfield>
   <subfield code="h">[electronic resource]</subfield>
   <subfield code="b">the Black literary world</subfield>
   <subfield code="c">Yolanda Williams Page, editor.</subfield>
  </datafield>
  <datafield tag="264" ind1=" " ind2="1">
   <subfield code="a">Santa Barbara, Calif.</subfield>
   <subfield code="b">Greenwood</subfield>
   <subfield code="c">2011.</subfield>
  </datafield>
  <datafield tag="300" ind1=" " ind2=" ">
   <subfield code="a">1 online resource (xi, 519 p.)</subfield>
   <subfield code="b">ill., ports.</subfield>
  </datafield>
  <datafield tag="490" ind1="1" ind2=" ">
   <subfield code="a">Greenwood icons</subfield>
  </datafield>
  <datafield tag="490" ind1="0" ind2=" ">
   <subfield code="a">Gale virtual reference library</subfield>
  </datafield>
  <datafield tag="505" ind1="0" ind2=" ">
   <subfield code="a">Maya Angelou / by Kimberly Oden -- James Baldwin / by Jasmin J. Vann -- Black aesthetic / by Lakisha Odlum -- Black arts movement / by RaShell R. Smith-Spears -- Blues aesthetic / by Lynn Washington -- Paul Laurence Dunbar / by Thomas Cassidy -- Henry Louis Gates, Jr. / by Mark S. James -- Harlem Renaissance / by Ordner W. Taylor, III -- E. Lynn Harris / by Regina N. Bradley -- Langston Hughes / by Karima K. Jeffrey -- Zora Neale Hurston / by Warren J. Carson -- Invisible man / by Dolores V. Sisco -- Jazz aesthetic / by Karine Bligny -- Terry McMillan / by Marian C. Dillahunt -- Toni Morrison / by Annie-Paule Mielle de Prinsac and Susana M. Morris -- Walter Mosley / by Jessica Parker -- Native son / by Aimable Twagilimana and Cammie M. Sublette -- A raisin in the sun / by Carol Bunch Davis and Alexis M. Skinner -- Signifying / by Timothy Mark Robinson -- Slave narrative / by Terry Novak -- The souls of black folk / by Robert J. Patterson -- Up from slavery / by Jessica Parker -- Alice Walker / by Erin Huskey -- August Wilson / by Yolanda W. Page.</subfield>
  </datafield>
  <datafield tag="506" ind1=" " ind2=" ">
   <subfield code="a">IP based subscription, on campus and remote access.</subfield>
   <subfield code="c">Access via Electronic Resources of the UPD University Library Website.</subfield>
  </datafield>
  <datafield tag="520" ind1=" " ind2=" ">
   <subfield code="a">Provides extensive coverage of some of the most notable figures in African American literature, such as Alice Walker, Richard Wright, and Zora Neale Hurston.</subfield>
  </datafield>
  <datafield tag="533" ind1=" " ind2=" ">
   <subfield code="a">Electronic reproduction.</subfield>
   <subfield code="b">New York</subfield>
   <subfield code="c">Gale</subfield>
   <subfield code="d">2011.</subfield>
   <subfield code="n">Available via World Wide Web through Gale Virtual Reference Library.</subfield>
  </datafield>
  <datafield tag="650" ind1=" " ind2="0">
   <subfield code="a">American literature</subfield>
   <subfield code="x">African American authors</subfield>
   <subfield code="x">History and criticism.</subfield>
  </datafield>
  <datafield tag="650" ind1=" " ind2="0">
   <subfield code="a">African Americans</subfield>
   <subfield code="x">Intellectual life.</subfield>
  </datafield>
  <datafield tag="650" ind1=" " ind2="0">
   <subfield code="a">African Americans in literature.</subfield>
  </datafield>
  <datafield tag="700" ind1="1" ind2=" ">
   <subfield code="a">Page, Yolanda Williams</subfield>
   <subfield code="e">editor.</subfield>
  </datafield>
  <datafield tag="710" ind1="2" ind2=" ">
   <subfield code="a">Gale Group.</subfield>
  </datafield>
  <datafield tag="856" ind1="4" ind2="0">
   <subfield code="y">Available for University of the Philippines Diliman via Gale Virtual Reference Library. Click here to access</subfield>
   <subfield code="u">http://find.galegroup.com/openurl/openurl?url_ver=Z39.88-2004&amp;url_ctx_fmt=info:ofi/fmt:kev:mtx:ctx&amp;req_dat=info:sid/gale:ugnid:phdiliman&amp;res_id=info:sid/gale:GVRL&amp;ctx_enc=info:ofi:enc:UTF-8&amp;rft_val_fmt=info:ofi/fmt:kev:mtx:book&amp;rft_id=info:sid/gale:bmcode:recid/5376</subfield>
  </datafield>
  <datafield tag="950" ind1=" " ind2=" ">
   <subfield code="a">Monograph</subfield>
  </datafield>
  <datafield tag="852" ind1="0" ind2=" ">
   <subfield code="a">UPD</subfield>
   <subfield code="b">DMLR</subfield>
  </datafield>
  <datafield tag="942" ind1=" " ind2=" ">
   <subfield code="a">Electronic Resource</subfield>
  </datafield>
 </record>
</collection>
